| 000 | 01228nam a2200337 i 4500 | ||
|---|---|---|---|
| 003 | EG-GICUC | ||
| 005 | 20260310132424.0 | ||
| 008 | 260122s1993 ua |||fr|||| 00| 0 ara d | ||
| 017 | _a1843/1993 | ||
| 020 | _a7770409332 | ||
| 040 |
_a EG-GICUC _bara _c EG-GICUC _d EG-GICUC _erda |
||
| 041 | 0 | _aAra | |
| 082 | 0 | 4 |
_221 _a343.7642 _bح س . ف |
| 092 | 0 | 4 | _221 |
| 099 | _aLaw1 10 343.7642 ح س . ف 1993 | ||
| 100 | 0 |
_aحسنى الجندى _eمؤلف. |
|
| 245 | 1 | 0 |
_aفكرة العقوبات التبعية والتكميلية فى الشريعة الإسلامية / _cتأليف دكتور حسنى الجندى. |
| 264 | 1 |
_aالقاهرة : _bدار النهضة العربية، _c1993. |
|
| 300 |
_a136 صفحة؛ _c24 سم. |
||
| 336 |
_2rda content _atext |
||
| 337 |
_2rda media _aComputer |
||
| 338 |
_2rda carrier _aOnline Resource |
||
| 504 | _aببليوجرافيا: صفحات123-130. | ||
| 546 | _aالنص باللغة العربية | ||
| 650 | 1 |
_aتبعية الإدارة العقابية _2qrmak |
|
| 650 | 1 |
_aالقانون الجنائى _2qrmak |
|
| 651 | 1 | _2qrmak | |
| 856 | 4 | 0 | _uhttps://fll.law.cu.edu.eg/fulltext/bks/B10-07816.pdf |
| 905 |
_a54 _eYara |
||
| 942 |
_2ddc _cBK _e21 _n0 |
||
| 999 |
_c58598 _d58598 |
||